000 00800nam a2200253Ia 4500
003 OSt
005 20221005093855.0
006 a|||||r|||| 00| 0
007 ta
008 221004b |||||||| |||| 00| 0 eng d
020 _a1859733433 (hbk)
_c4985.71
024 _a18471
037 _bIN/2014-15/1405, 13/03/2015, Selectbook Service Syndicate
_cTextual
040 _aCRL
_cCRL
_beng
041 _2eng
_aeng
082 _aY38(Q2).2, P1
100 _aBhatt Chetan
245 0 _aHindu nationalism
_b Origins, ideologies and modern myths
260 _aOxford
_bBerg UK
_c2001
300 _aviii,232p.
_ccm.
650 _aSOCIOLOGY
942 _hY38(Q2).2, P1
_cTEXL
_2cc
999 _c1001049
_d1001049